| 000 | 01214cam a2200229 4500 | ||
|---|---|---|---|
| 001 | WB@3612-344 | ||
| 008 | 040805n2004 000 0 eng u | ||
| 035 | _a(Sirsi) u127019 | ||
| 245 | _aWork-related stress | ||
| 260 | _c2004 | ||
| 490 |
_aHSC News Release _v(C034:04) 27 July 2004 (2) |
||
| 520 | _aAt over 13 million days a year, work-related stress is the biggest cause of working days lost through injury or ill-health, costing society about £3.7bn a year. In 2001-02, over half a million people in Britain experienced stress at levels that made them ill. The Health and Safety Executive has recently conducted a survey at Liverpool St station to lobby thousands of rush-hour commuters for their views on work-related stress. The consultation highlights a set of management standards which enable employers to gauge stress levels, identify causes and work with employees to resolve any issues. See the website for further details. http://www.hse.gov.uk/press/2004/c04034.htm | ||
| 590 | _aWB | ||
| 590 | _aWB | ||
| 650 | _aSURVEY | ||
| 650 | _aSTRESS | ||
| 650 | _aSTRESS MANAGEMENT | ||
| 650 | _aWORKPLACE | ||
| 650 | _aRISK MANAGEMENT | ||
| 690 |
_aHEALTH AND SAFETY _96244 |
||
| 942 | _n0 | ||
| 999 |
_c117823 _d117823 |
||